00799nam a22001217a 4500008004100000100002300041245009100064260001900155300003600174520037000210650007800580773001900658230927b ||||| |||| 00| 0 eng d aMehdi, Syed Eesar  aOvercoming the barriers: Kashmiriyat as a cornerstone to materialize peace in Kashmir  aSocial Action  a73(2), Apr-Jun, 2023: p.214-231 aThis paper argues that Kashmiriyat has the potential to offer a possible solution and operationalize dialogue in Kashmir. Repeatedly, Kashmir have looked outside, on India and Pakistan, for a solution to the intractable Kashmir conflict and newer focused on the inside which has led to the failure of the manifestation of a peace process in Kashmir. – Reproduced  aKashmiriyat, Dialogue, Peace process, Conflict, Comprehensive framework.  aSocial Action